000 00947nas a2200325 4500
001 BR0800257
003 BR-BrBNA
005 20231205111443.0
007 ta
008 230509b bl.|||p| |||| 00| 00por d
040 _aBR-BrBNA
_bpor
_cBiblioteca Nacional de Agricultura
041 _a(Pt)
072 _aL70; L53
100 1 _aPinto Neto, A.
100 1 _aEsper, C.R.
100 1 _aSilva Filho, J.M. da
100 1 _aFonseca, J.F. da
100 1 _aMota, M.F.
100 1 _aBelisário, H.
100 1 _aPardini, W.S.
100 1 _aAlvim, M.T.T.
245 1 _aAnálise ultra-estrutural de embriões bovinos da raça Nelore
650 _aGADO
650 _aNELORE
650 _aEMBRIÃO
650 _aANÁLISE
773 0 _tArquivos de Ciências Veterinárias e Zoologia da UNIPAR (Brazil)
_xISSN 1415-8167
_g(Jul-Dec 2001), v. 4(2) p. 189-194
_wBR0800257
909 _a202311
_bLúcia
_c55
_dLúcia Elande
942 _2AGRIS
_n0
_cANA
999 _c192820
_d192820